00751nam a22002297a 45000010008000000030009000080050017000170070008000340080038000420400026000802450062001062600033001683000028002014900031002297100045002608300031003059420012003369450028003489520092003769560038004689990015005060002124DO-SdBNP20180215091220.00002124160404b 1985 dr |||| |||| 00| 0 spa d 6BPMSU8spaaBPMSUcdr aManual de prácticas de química inorgánica 112 /c  aSanto Domingo : bUASDc1985 a65 p. ; bil.,c28 cm.  aTexttos universitarios v4 4Universidad Autónoma de Santo Domingo  pTexttos universitarios v4 2ddccBK ainventariado, 2018 / dg 00102ddc4070aBPMETbBPMETd2016-04-04l0pBPMSU16040072r2016-04-04w2016-04-04yBK 2VMATEO3106201604048BPMSUa0069 c9530d9530